000 00710nam a2200229Ia 4500
003 OSt
005 20220926025936.0
006 a|||||r|||| 00| 0
007 ta
008 220923b |||||||| |||| 00| 0 eng d
037 _cGeneral Book
040 _aRTL
_cRTL
_beng
041 _2eng
_aeng
082 _aX:545-6.1N6.N7, M2
110 _aOrganisation for Economic Co-operation and Development
_942504
245 0 _aExport credit financing system in OECD member coun
260 _aParis
_bOECD
_c1982
300 _a252p
_ccm.
700 _aOrganisation for Economic Co-operation and Development
_942505
942 _hX:545-6.1N6.N7, M2
_cGB
_2CC
999 _c648244
_d648244